00906nam a2200253uu 4500001000800000005001700008007001000025008004100035035001200076040001300088041000800101082000800109100004400117245019800161260005300359300001300412650003900425650003200464700004500496700004700541700004700588502001000635526000700645125955120260508071727.0co|||||||111011s2008 spa  a1259551 ccomduadb aspa 4a65710aAguirre Ciro, Gloria Patricia4auteaut10aEfectos de la eliminación de los ajustes integrales por inflación contables : incidencias en la práctica contable y en el intercambio territorial e internacional de información contable aEl Carmen de Viboral :b[sin publicador],c2008. a1 CD-ROM aAjustes por inflación - Colombia 7aInflaciónzColombia2lemb10aAlzate Agudelo, Oscar Fabián4auteaut10aCampuzano Botero, Natalia Andrea4auteaut10aÁlvarez Osorio, Martha Cecilia4thseths b60c9 a60